| 000 | 00622cam a22002293a 4500 | ||
|---|---|---|---|
| 001 | 13973 | ||
| 003 | PGUSA | ||
| 005 | 20140828083311.0 | ||
| 008 | 041108s2004||||xxu|||||s|||||000 | eng d | ||
| 040 |
_aPGUSA _beng |
||
| 042 | _adc | ||
| 050 | 4 | _aND | |
| 245 | 1 | 0 |
_aWhistler Stories _h[electronic resource] |
| 260 |
_bProject Gutenberg, _c2004 |
||
| 506 | _aPublic domain in the USA. | ||
| 516 | _aElectronic text | ||
| 653 | _aWhistler, James McNeill, 1834-1903 | ||
| 700 | 1 |
_aSeitz, Don Carlos, _d1862-1935 |
|
| 830 | 0 |
_aProject Gutenberg _v13973 |
|
| 856 | 4 | 0 | _uhttp://www.gutenberg.org/ebooks/13973 |
| 942 | _cEB | ||
| 999 |
_c243228 _d243228 |
||